Normal view MARC view

Entry Personal Name

Number of records used in: 1

001 - CONTROL NUMBER

  • control field: 10045

003 - CONTROL NUMBER IDENTIFIER

  • control field: DLC

005 - DATE AND TIME OF LATEST TRANSACTION

  • control field: 20231205151317.0

008 - FIXED-LENGTH DATA ELEMENTS

  • fixed length control field: 931130n| azannaabn |n aaa c

010 ## - LIBRARY OF CONGRESS CONTROL NUMBER

  • LC control number: nr 93049330
  • Canceled/invalid LC control number: n 86847191

035 ## - SYSTEM CONTROL NUMBER

  • System control number: (OCoLC)oca03532504

040 ## - CATALOGING SOURCE

  • Original cataloging agency: MWA
  • Language of cataloging: eng
  • Description conventions: rda
  • Transcribing agency: MWA
  • Modifying agency: DLC
  • Modifying agency: UPB

046 ## - SPECIAL CODED DATES

  • Birth date: 1813
  • Death date: 1897

100 1# - HEADING--PERSONAL NAME

  • Personal name: Pitman, Isaac,
  • Dates associated with a name: 1813-1897

370 ## - ASSOCIATED PLACE

  • Associated country: England

372 ## - FIELD OF ACTIVITY

  • Field of activity: Shorthand
  • Field of activity: Phonetics

374 ## - OCCUPATION

  • Occupation: Author

375 ## - GENDER

  • Gender: male

377 ## - ASSOCIATED LANGUAGE

  • Language code: eng

670 ## - SOURCE DATA FOUND

  • Source citation: Longley, E. The second book in phonetic reading, 1855:
  • Information found: colophon (Isaac Pitman, Bath, England)

670 ## - SOURCE DATA FOUND

  • Source citation: LC in RLIN, 11/30/93
  • Information found: (hdg.: Pitman, Isaac, Sir, 1813-1897)

670 ## - SOURCE DATA FOUND

  • Source citation: MWA/NAIP files
  • Information found: (hdg.: Pitman, Isaac, Sir, 1813-1897; usage: Sir Isaac Pitman; Isaac Pitman)

670 ## - SOURCE DATA FOUND

  • Source citation: nuc86-6175: The Pitman dictionary, 1974
  • Information found: (hdg. on CaQMM rept.: Pitman, Isaac, Sir, 1813-1897)

670 ## - SOURCE DATA FOUND

  • Source citation: A manual of phonography, 1890:
  • Information found: title page (A manual of phonography, or, Writing by sound: a natural method of writing by signs that represent spoken sounds, adapted to the English language as a complete system of phonetic shorthand / by Isaac Pitman)

675 ## - SOURCE DATA NOT FOUND

  • Source citation: NLC, 8-20-86

Powered by Koha